[Event "Politiken Cup 2011"]
[Site "Helsingor"]
[Date "2011.08.05"]
[Round "8.3"]
[White "Berg, Emanuel"]
[Black "Hector, Jonny"]
[Result "1/2-1/2"]
[WhiteElo "2604"]
[BlackElo "2568"]
[PlyCount "220"]
[EventDate "2011.??.??"]
[WhiteTeam "OSS"]
[BlackTeam "Nordkalotten"]

1. e4 e5 2. Nf3 Nc6 3. Bb5 Bc5 4. O-O Nd4 5. Nxd4 Bxd4 6. c3 Bb6 7. d4 c6 8.
Ba4 d6 9. Na3 Nf6 10. Bg5 O-O 11. Nc4 h6 12. dxe5 dxe5 13. Qxd8 Bxd8 14. Bxf6
Bxf6 15. Bb3 Rd8 16. Rfd1 Bg4 17. f3 Be6 18. Na5 Bc8 19. Nc4 Be6 20. Na5 Bc8
21. Kf1 Kf8 22. Nc4 Be6 23. Na5 Bc8 24. Nc4 Be6 25. Nd6 Bxb3 26. axb3 Rd7 27.
Nc4 Rxd1+ 28. Rxd1 Ke7 29. Nd6 Rb8 30. Nf5+ Ke8 31. Rd6 Rd8 32. Ke2 Rd7 33. g3
Kd8 34. h4 Kc7 35. Rxd7+ Kxd7 36. h5 a5 37. Kd3 b5 38. c4 Ke6 39. Kc2 Kd7 40.
Kd3 Ke6 41. Kc2 b4 42. c5 g6 43. hxg6 fxg6 44. Nxh6 Be7 45. Ng4 Bxc5 46. Kd3 g5
47. Kc4 Bd4 48. f4 gxf4 49. gxf4 Bxb2 50. f5+ Kd6 51. Nh2 Bd4 52. Nf3 Bc3 53.
Nh4 Bd2 54. Ng6 Bg5 55. Nf8 Bd8 56. Ne6 Bb6 57. Ng5 Ke7 58. Nf3 Kf6 59. Kd3 Bc5
60. Nd2 Bb6 61. Nc4 Bc7 62. Ne3 Kg5 63. Nc4 Kf6 64. Ke3 Kg5 65. Kf3 Kh5 66. Ke2
Kg5 67. Ke3 Kf6 68. Kd3 Kg5 69. Nd2 Bd8 70. Kc4 Bb6 71. Kd3 Bd8 72. Nc4 Bc7 73.
Kc2 Kf6 74. Kd2 Kg5 75. Kd3 Kf6 76. Nd2 Kg5 77. Nf3+ Kf6 78. Nh4 Kg5 79. Ng6
Bd6 80. Kc4 Kf6 81. Nh4 Kg5 82. Ng2 Be7 83. Ne3 Bd6 84. Nd1 Kf4 85. Kd3 Kg5 86.
Nb2 Bb8 87. Ke2 Bc7 88. Na4 Kf6 89. Kd3 Bd6 90. Nb6 Bc7 91. Nc8 Bb8 92. Kc4 Kf7
93. Kc5 Ke8 94. Kc4 Bc7 95. f6 Kf7 96. Ne7 Kxf6 97. Nxc6 Kg5 98. Ne7 Kg4 99.
Kd3 Kf3 100. Nc6 Kf2 101. Kd2 Kf3 102. Kd3 Kf4 103. Ne7 Kg3 104. Nc6 Kf3 105.
Ne7 Kg3 106. Nc6 Kf2 107. Kd2 Kf3 108. Kd3 Kf4 109. Ne7 Kf3 110. Nc6 Kf4
1/2-1/2

[Event "Politiken Cup 2011"]
[Site "Helsingor"]
[Date "2011.08.05"]
[Round "8.11"]
[White "Hansen, Sune Berg"]
[Black "Bulski, Krzysztof"]
[Result "1/2-1/2"]
[WhiteElo "2574"]
[BlackElo "2479"]
[PlyCount "81"]
[EventDate "2011.??.??"]
[WhiteTeam "Helsingør"]
[BlackTeam "HetMaN Szopienice"]

1. Nf3 Nf6 2. c4 g6 3. Nc3 d5 4. cxd5 Nxd5 5. Qc2 Nb6 6. d4 Bg7 7. e4 O-O 8.
Be3 f5 9. Rd1 f4 10. Bc1 Bg4 11. Be2 Bxf3 12. Bxf3 Nc6 13. Ne2 Nxd4 14. Nxd4
Bxd4 15. e5 c5 16. b4 Qb8 17. O-O Qxe5 18. Rfe1 Qd6 19. Bb2 Rad8 20. bxc5 Qxc5
21. Qb3+ Rf7 22. Ba3 Qc4 23. Bg4 Qxb3 24. axb3 e5 25. Be6 Re8 26. Bxf7+ Kxf7
27. g3 Nd5 28. Bb2 Bxb2 29. Rxd5 g5 30. Re2 Bd4 31. Kg2 Re7 32. Rc2 Ke6 33. Rd8
fxg3 34. hxg3 h5 35. Rh8 h4 36. gxh4 gxh4 37. Rxh4 Kd5 38. Rg4 a5 39. Rg8 Ke4
40. Kf1 Rf7 41. Re2+ 1/2-1/2

[Event "Politiken Cup 2011"]
[Site "Helsingor"]
[Date "2011.08.05"]
[Round "8.12"]
[White "Romanishin, Oleg M"]
[Black "Ruck, Robert"]
[Result "1/2-1/2"]
[WhiteElo "2526"]
[BlackElo "2569"]
[PlyCount "41"]
[EventDate "2011.??.??"]

1. d4 Nf6 2. Nf3 g6 3. c4 Bg7 4. g3 d5 5. Bg2 dxc4 6. Qa4+ Nfd7 7. Nbd2 O-O 8.
Nxc4 Na6 9. Qa3 Nb6 10. Na5 Qd6 11. Qxd6 exd6 12. O-O Re8 13. e3 Rb8 14. Bd2
Bf5 15. Rac1 Be4 16. b3 c5 17. Rfd1 cxd4 18. Nxd4 Bxg2 19. Kxg2 Bxd4 20. exd4
Nd5 21. Re1 1/2-1/2

[Event "Politiken Cup 2011"]
[Site "Helsingor"]
[Date "2011.08.05"]
[Round "8.13"]
[White "Rapport, Richard"]
[Black "Arnold, Marc T"]
[Result "1-0"]
[WhiteElo "2545"]
[BlackElo "2445"]
[PlyCount "59"]
[EventDate "2011.??.??"]
[BlackTeam "Marshall Chess Club"]

1. d4 Nf6 2. c4 e6 3. Nf3 d5 4. Nc3 dxc4 5. e4 Bb4 6. Bg5 c5 7. Bxc4 cxd4 8.
Nxd4 Qa5 9. Bd2 Qc5 10. Bb5+ Bd7 11. Nb3 Qe7 12. Bd3 Nc6 13. a3 Bd6 14. Qe2 O-O
15. O-O h6 16. Rac1 Rfc8 17. Bb1 a6 18. Kh1 e5 19. Nd5 Qd8 20. Rc3 Nxd5 21.
exd5 Ne7 22. Re1 f5 23. Na5 Bb5 24. Qd1 Rc7 25. Rh3 b6 26. Nc6 Nxc6 27. dxc6 e4
28. Qb3+ Kf8 29. Ba2 Qe8 30. Qg8+ 1-0

[Event "Politiken Cup 2011"]
[Site "Helsingor"]
[Date "2011.08.05"]
[Round "8.16"]
[White "Schandorff, Lars"]
[Black "Petersen, Tom Petri"]
[Result "1/2-1/2"]
[WhiteElo "2497"]
[BlackElo "2324"]
[PlyCount "84"]
[EventDate "2011.??.??"]
[WhiteTeam "Sydøstfyn"]
[BlackTeam "Nordre"]

1. d4 Nf6 2. c4 g6 3. Nc3 Bg7 4. e4 d6 5. f3 O-O 6. Be3 c5 7. Nge2 Qa5 8. Qd2
Nc6 9. d5 Ne5 10. Nc1 e6 11. Be2 a6 12. O-O exd5 13. Nb3 Qc7 14. exd5 Re8 15.
Rfe1 h5 16. Bh6 Nh7 17. Bxg7 Kxg7 18. f4 Ng4 19. Bxg4 Bxg4 20. Ne4 Bf5 21. Qc3+
f6 22. Ng3 Qd7 23. Re3 Rxe3 24. Qxe3 Bc2 25. Re1 Kf8 26. Na1 Ba4 27. Qd3 Re8
28. Rf1 h4 29. Nh1 Qg4 30. h3 Qh5 31. Nf2 Bd7 32. Qb3 b5 33. Qa3 Bc8 34. b4 Qe2
35. bxc5 Re3 36. Qc1 Rg3 37. Qd1 Qxc4 38. cxd6 Qc5 39. Nb3 Qe3 40. Qc1 Rxg2+
41. Kxg2 Qg3+ 42. Kh1 Qf3+ 1/2-1/2

[Event "Politiken Cup 2011"]
[Site "Helsingor"]
[Date "2011.08.05"]
[Round "8.17"]
[White "Aabling-Thomsen, Jakob"]
[Black "Johannessen, Leif Erlend"]
[Result "0-1"]
[WhiteElo "2325"]
[BlackElo "2496"]
[PlyCount "182"]
[EventDate "2011.??.??"]
[WhiteTeam "Brønshøj"]
[BlackTeam "OSS"]

1. e4 e5 2. Nf3 Nc6 3. d4 exd4 4. Nxd4 Nf6 5. Nxc6 bxc6 6. Bd3 d5 7. e5 Ng4 8.
O-O Bc5 9. Qe2 Qe7 10. Bf4 g5 11. Bd2 Nxe5 12. Re1 Bd6 13. Qh5 h6 14. h3 Kf8
15. Nc3 Qf6 16. Ne2 Qg6 17. Nf4 Qf6 18. Ne2 Nxd3 19. cxd3 Qg6 20. Qf3 g4 21.
hxg4 Bxg4 22. Qe3 Bd7 23. Ng3 h5 24. Qd4 Rh7 25. Ne2 Rg7 26. g3 h4 27. Nf4 Qf5
28. Ng2 hxg3 29. Bh6 Qxf2+ 30. Qxf2 gxf2+ 31. Kxf2 Bg3+ 32. Kf3 Bxe1 33. Rxe1
Kg8 34. Nf4 Re8 35. Rxe8+ Bxe8 36. Bxg7 Kxg7 37. d4 Kf6 38. Nd3 Kf5 39. Nc5 f6
40. Na6 Bh5+ 41. Ke3 Kg4 42. Nxc7 Bf7 43. Na6 f5 44. Nb4 f4+ 45. Kf2 Be8 46.
Nd3 Kf5 47. Nc5 Bh5 48. b4 Bd1 49. a3 f3 50. Ke3 Be2 51. Nd7 Kg4 52. Kf2 Kf4
53. Ne5 Bb5 54. Nxf3 Ke4 55. Kg3 Ke3 56. Kg2 Ba6 57. Kg3 Bb7 58. Kg2 a5 59. Kg3
a4 60. Kg2 Bc8 61. Kg3 Bd7 62. Kg2 Bc8 63. Kg3 Ba6 64. Kg2 Bc8 65. Kg3 Bd7 66.
Kg2 Be8 67. Kg3 Bf7 68. Kg2 Be6 69. Kg3 Bc8 70. Kg2 Ba6 71. Kg3 Kd3 72. Kf2 Bb5
73. Kf1 Kc2+ 74. Ke1 Kb3 75. Kd2 Kxa3 76. Kc3 Ka2 77. Nd2 Bd3 78. Kxd3 Kb2 79.
Nf1 Kb3 80. Ne3 Kxb4 81. Nc2+ Kb3 82. Na1+ Kb2 83. Nc2 a3 84. Kd2 a2 85. Kd3
a1=Q 86. Nxa1 Kxa1 87. Kc3 Ka2 88. Kc2 Ka3 89. Kc3 Ka4 90. Kc2 Kb4 91. Kd3 Kb3
0-1

[Event "Politiken Cup 2011"]
[Site "Helsingor"]
[Date "2011.08.05"]
[Round "8.18"]
[White "Brynell, Stellan"]
[Black "Bach, Matthias"]
[Result "1/2-1/2"]
[WhiteElo "2495"]
[BlackElo "2307"]
[PlyCount "80"]
[EventDate "2011.??.??"]
[WhiteTeam "Nordkalotten"]

1. d4 Nf6 2. Nf3 d6 3. g3 g6 4. Bg2 Bg7 5. O-O O-O 6. c4 Nbd7 7. Nc3 c6 8. e4
Qc7 9. h3 a6 10. Re1 Rd8 11. Qc2 e5 12. Be3 Nf8 13. Rac1 b6 14. b4 N6d7 15.
Red1 Bb7 16. a3 exd4 17. Bxd4 Ne5 18. Nd2 Ne6 19. Be3 c5 20. Nd5 Bxd5 21. cxd5
Nf8 22. bxc5 bxc5 23. Rb1 Rdb8 24. f4 Ned7 25. Nc4 Nb6 26. e5 Nxc4 27. Qxc4 Qa5
28. a4 dxe5 29. d6 Rxb1 30. Rxb1 Rd8 31. Bd5 Rxd6 32. Bxf7+ Kh8 33. Qxc5 Qxc5
34. Bxc5 Rf6 35. Bc4 exf4 36. gxf4 Rxf4 37. Bxa6 Rxa4 38. Bb5 Rf4 39. Bxf8 Rxf8
40. Kg2 Bd4 1/2-1/2

[Event "Politiken Cup 2011"]
[Site "Helsingor"]
[Date "2011.08.05"]
[Round "8.23"]
[White "Antonsen, Mikkel"]
[Black "Fisher, William"]
[Result "1-0"]
[WhiteElo "2471"]
[BlackElo "2178"]
[PlyCount "89"]
[EventDate "2011.??.??"]
[WhiteTeam "Næstvedj"]
[BlackTeam "Marshall"]

1. d4 Nf6 2. c4 g6 3. Nc3 Bg7 4. e4 d6 5. f3 O-O 6. Nge2 c5 7. Be3 cxd4 8. Nxd4
Nc6 9. Be2 Nxd4 10. Bxd4 Nh5 11. Bxg7 Kxg7 12. Qd2 Be6 13. O-O Qa5 14. b3 g5
15. g3 Nf6 16. Kh1 Bh3 17. Rg1 Bd7 18. Qe3 h6 19. f4 Qc5 20. Qxc5 dxc5 21. Bf3
e5 22. Rad1 Bc6 23. Rd6 Ne8 24. Rd3 Nf6 25. Rgd1 g4 26. Bg2 exf4 27. gxf4 Nh5
28. Rf1 f6 29. Nd5 Rae8 30. h3 g3 31. a4 b6 32. Kg1 Kh8 33. Re3 Ba8 34. e5 fxe5
35. fxe5 Rxf1+ 36. Kxf1 Ng7 37. Rf3 Ne6 38. Rxg3 Nd4 39. Nf6 Bxg2+ 40. Kxg2 Rc8
41. Rg6 Nf5 42. Kf2 Rd8 43. h4 Rd2+ 44. Ke1 Rd8 45. h5 1-0

[Event "Politiken Cup 2011"]
[Site "Helsingor"]
[Date "2011.08.05"]
[Round "8.19"]
[White "Andersen, Mads"]
[Black "Patuzzo, Fabrizio"]
[Result "1/2-1/2"]
[WhiteElo "2422"]
[BlackElo "2274"]
[PlyCount "260"]
[EventDate "2011.??.??"]
[WhiteTeam "Skanderborg"]
[BlackTeam "Mendrisio"]

1. e4 c6 2. d4 d5 3. Nc3 dxe4 4. Nxe4 h6 5. Nf3 Bf5 6. Ng3 Bh7 7. Bd3 Bxd3 8.
Qxd3 e6 9. O-O Nf6 10. b3 Be7 11. Bb2 O-O 12. Rad1 Nbd7 13. c4 Qa5 14. Qc2 Rfd8
15. Rfe1 Bb4 16. Re2 Qa6 17. Nf1 b5 18. Ne3 Rac8 19. a3 Bf8 20. b4 bxc4 21.
Nxc4 Nd5 22. Red2 N7b6 23. Nce5 Bd6 24. Rc1 Na4 25. Ba1 Qb5 26. Rb1 Rc7 27. Nc4
Bf4 28. Rd3 Nab6 29. Na5 Bd6 30. Rdd1 Nf4 31. Qe4 Nbd5 32. Rd2 Nf6 33. Qc2 Qh5
34. Rb3 N6d5 35. Nc4 g5 36. Nxd6 Rxd6 37. Ne5 a6 38. Rg3 Nf6 39. Bb2 Kg7 40. a4
N6d5 41. Ba3 f6 42. Nc4 Rd8 43. Qe4 Qg6 44. Qxg6+ Kxg6 45. Rb3 Ne7 46. Kf1 Nf5
47. Bb2 Rcd7 48. Nb6 Rb7 49. Nc4 Nd5 50. Ba3 Nb6 51. Nxb6 Rxb6 52. Rbd3 Rd5 53.
g4 Nd6 54. Rc2 Nf7 55. Ke2 Nd8 56. Rc5 Rb7 57. Ke3 Rbd7 58. Bb2 R7d6 59. Rc1 f5
60. f3 f4+ 61. Ke2 Rd7 62. Rc5 Rh7 63. Rb3 h5 64. h3 hxg4 65. hxg4 Rh2+ 66. Kd3
Nf7 67. b5 axb5 68. axb5 cxb5 69. Rbxb5 Rf2 70. Rxd5 exd5 71. Bc1 Rxf3+ 72. Ke2
Rg3 73. Rxd5 Rxg4 74. Rc5 Rg3 75. d5 Kf5 76. d6+ Ke6 77. d7 Kxd7 78. Bxf4 gxf4
79. Rf5 Ke6 80. Rxf4 Ne5 81. Ra4 Kf5 82. Kd2 Nc6 83. Rc4 Ne7 84. Rc3 Rg2+ 85.
Kd3 Nd5 86. Rc8 Nf4+ 87. Kc3 Ke5 88. Re8+ Ne6 89. Kd3 Kd5 90. Ke3 Rg3+ 91. Kf2
Rb3 92. Rh8 Nf4 93. Rd8+ Ke5 94. Re8+ Ne6 95. Ke2 Kf5 96. Kd2 Nc5 97. Rf8+ Ke4
98. Re8+ Kd4 99. Rd8+ Kc4 100. Ke2 Ne6 101. Re8 Nd4+ 102. Kf2 Rf3+ 103. Kg2 Kd3
104. Ra8 Rf5 105. Kg3 Rg5+ 106. Kf4 Ne6+ 107. Kf3 Rf5+ 108. Kg4 Rf4+ 109. Kg3
Rf6 110. Kg4 Ke4 111. Ra4+ Nd4 112. Kg5 Rf8 113. Kg6 Rc8 114. Ra1 Rc6+ 115. Kf7
Nf3 116. Ke7 Nd4 117. Re1+ Kd5 118. Rd1 Rc3 119. Kf6 Rc7 120. Ra1 Rc6+ 121. Kg5
Ne6+ 122. Kg4 Rc4+ 123. Kf5 Rf4+ 124. Kg6 Nc7 125. Kg5 Rf2 126. Ra5+ Ke4 127.
Kg6 Nd5 128. Ra1 Rf6+ 129. Kg5 Rf5+ 130. Kg6 Nf4+ 1/2-1/2

[Event "Politiken Cup 2011"]
[Site "Helsingor"]
[Date "2011.08.05"]
[Round "8.24"]
[White "Molvig, Henrik"]
[Black "Jepson, Christian"]
[Result "1/2-1/2"]
[WhiteElo "2195"]
[BlackElo "2405"]
[PlyCount "75"]
[EventDate "2011.??.??"]
[WhiteTeam "Roskilde"]

1. d4 e6 2. c4 f5 3. Nf3 Nf6 4. g3 d5 5. Bg2 c6 6. O-O Bd6 7. b3 Qe7 8. Bb2 O-O
9. Qc1 Nbd7 10. Ba3 b6 11. Bxd6 Qxd6 12. Qa3 c5 13. Nc3 Bb7 14. cxd5 exd5 15.
Rac1 a6 16. e3 Rac8 17. Ne2 Rfe8 18. Nf4 Ne4 19. Nd3 c4 20. Qxd6 Nxd6 21. Nde5
Nf6 22. Nd2 b5 23. Nb1 Re7 24. Nc3 a5 25. f3 Rec7 26. Ne2 b4 27. Nf4 cxb3 28.
Rxc7 Rxc7 29. axb3 Rc3 30. Rb1 Ba6 31. Bf1 Bxf1 32. Kxf1 g5 33. Ne2 Rc2 34. Rc1
Rxc1+ 35. Nxc1 g4 36. Ke2 Nb5 37. Nc6 Nc3+ 38. Kf2 1/2-1/2

[Event "Politiken Cup 2011"]
[Site "Helsingor"]
[Date "2011.08.05"]
[Round "8.25"]
[White "Teplyi, Igor"]
[Black "Nielsen, Michael"]
[Result "1/2-1/2"]
[WhiteElo "2393"]
[BlackElo "2170"]
[PlyCount "101"]
[EventDate "2011.??.??"]
[WhiteTeam "Skanderborg"]
[BlackTeam "K41"]

1. Nf3 c5 2. g3 Nc6 3. Bg2 Nf6 4. O-O g6 5. c4 Bg7 6. d4 cxd4 7. Nxd4 O-O 8.
Nc2 d6 9. Nc3 Be6 10. b3 Qd7 11. Rb1 Bh3 12. Bb2 Bxg2 13. Kxg2 Rac8 14. Qd2 b6
15. Nd5 Nxd5 16. Bxg7 Nf4+ 17. Qxf4 Kxg7 18. Ne3 Nd8 19. Qd4+ Kg8 20. a4 Ne6
21. Qh4 Rc5 22. Nd5 Re8 23. Kg1 Nc7 24. b4 Nxd5 25. bxc5 Nc3 26. Rb2 Nxa4 27.
Ra2 Nxc5 28. Rb1 Qb7 29. Qd4 Ra8 30. Ra3 a5 31. Qb2 Rb8 32. f3 Qa7 33. Kg2 Na6
34. Qb5 Kf8 35. g4 Qa8 36. Qb2 Kg8 37. h4 Qc6 38. Qb5 Qxb5 39. Rxb5 Kf8 40. Kf2
Ke8 41. e4 Kd7 42. e5 dxe5 43. Rxe5 Nb4 44. Rb5 Kc7 45. c5 Kc6 46. Rxb6+ Rxb6
47. cxb6 Kxb6 48. Ke2 Nc6 49. Kd3 Kc5 50. Ra1 Kd5 51. Ke3 1/2-1/2

[Event "Politiken Cup 2011"]
[Site "Helsingor"]
[Date "2011.08.05"]
[Round "8.26"]
[White "Willumsen, Henrik"]
[Black "Lindberg, Bengt"]
[Result "0-1"]
[WhiteElo "2194"]
[BlackElo "2391"]
[PlyCount "90"]
[EventDate "2011.??.??"]
[WhiteTeam "Nørresundby"]
[BlackTeam "Solna SS"]

1. e4 c5 2. Nf3 e6 3. b3 a6 4. Bb2 Nc6 5. Be2 Nf6 6. e5 Nd5 7. g3 b6 8. c4 Nde7
9. d4 cxd4 10. Nxd4 Qc7 11. Nxc6 Nxc6 12. Bf3 Rb8 13. Qe2 Bc5 14. Bxc6 Qxc6 15.
f3 O-O 16. a3 d5 17. exd6 Bxd6 18. Nd2 Bb7 19. Rd1 Be7 20. Qe3 Rbd8 21. Ke2 b5
22. Ne4 f6 23. c5 e5 24. b4 Qe6 25. Rxd8 Rxd8 26. Rc1 Bd5 27. Rd1 Qh3 28. Ke1
Kf8 29. Qf2 Qh5 30. g4 Qg6 31. Nc3 Bc6 32. Rxd8+ Bxd8 33. Qd2 Be7 34. Kf2 Qf7
35. Ne4 Qb3 36. Qc3 Qd1 37. Qd2 Qh1 38. Ke3 g6 39. Qf2 f5 40. Nd6 Bg5+ 41. Ke2
Bf4 42. Qf1 Qxh2+ 43. Qf2 Bxf3+ 44. Kxf3 fxg4+ 45. Ke2 g3 0-1

[Event "Politiken Cup 2011"]
[Site "Helsingor"]
[Date "2011.08.05"]
[Round "8.44"]
[White "Carstensen, Jacob"]
[Black "Skovgaard, Tom"]
[Result "1-0"]
[WhiteElo "2391"]
[BlackElo "2013"]
[PlyCount "67"]
[EventDate "2011.??.??"]
[WhiteTeam "Brønshøj"]
[BlackTeam "BMS"]

1. d4 Nf6 2. Nf3 e6 3. g3 d5 4. c4 dxc4 5. Bg2 Bb4+ 6. Bd2 Bxd2+ 7. Qxd2 Nbd7
8. a4 O-O 9. Na3 c5 10. Nxc4 cxd4 11. Qxd4 Nb8 12. O-O Nc6 13. Qc3 Qe7 14. Nfe5
Nxe5 15. Nxe5 Nd5 16. Qb3 Nb4 17. Rfd1 a5 18. Rac1 Rb8 19. Qc4 f6 20. Nd3 Nxd3
21. Rxd3 Rd8 22. Rcd1 Rxd3 23. Rxd3 Kf8 24. Qb5 b6 25. Bc6 Qc5 26. Rd8+ Kf7 27.
Qxc5 bxc5 28. Bd7 Rxb2 29. Rxc8 Ke7 30. Bb5 Kd6 31. Rd8+ Ke5 32. f4+ Ke4 33.
Kf2 Kf5 34. Rc8 1-0

[Event "Politiken Cup 2011"]
[Site "Helsingor"]
[Date "2011.08.05"]
[Round "8.20"]
[White "Sbarra, Marco"]
[Black "Lund, Silas"]
[Result "1-0"]
[WhiteElo "2266"]
[BlackElo "2388"]
[PlyCount "53"]
[EventDate "2011.??.??"]
[BlackTeam "Enkeltmedlem"]

1. d4 d5 2. c4 e6 3. Nf3 c6 4. e3 Nf6 5. Nbd2 Bd6 6. Bd3 Nbd7 7. O-O O-O 8. e4
dxe4 9. Nxe4 Nxe4 10. Bxe4 h6 11. Bc2 e5 12. Be3 Qe7 13. dxe5 Nxe5 14. Nxe5
Bxe5 15. Re1 Qh4 16. g3 Qxc4 17. Bxh6 Bxb2 18. Rb1 Bg4 19. Bb3 Qd4 20. Qc2 Bc3
21. Re3 gxh6 22. Rxc3 Bf5 23. Qxf5 Qxc3 24. Bc2 Rfe8 25. Rxb7 Qg7 26. Rxf7 Qxf7
27. Bb3 1-0

[Event "Politiken Cup 2011"]
[Site "Helsingor"]
[Date "2011.08.05"]
[Round "8.21"]
[White "Sowray, Peter J"]
[Black "Rosenkilde, Alexander"]
[Result "0-1"]
[WhiteElo "2350"]
[BlackElo "2235"]
[PlyCount "98"]
[EventDate "2011.??.??"]
[BlackTeam "Taastrup"]

1. c4 Nf6 2. Nf3 e6 3. g3 d5 4. Bg2 Be7 5. O-O O-O 6. b3 c5 7. e3 Nc6 8. Bb2 b6
9. Qe2 Bb7 10. d3 Qc7 11. Nbd2 Rfd8 12. Rad1 Rac8 13. a3 a6 14. Nh4 b5 15. f4
dxc4 16. bxc4 Na5 17. Be5 Qd7 18. Bc3 b4 19. axb4 cxb4 20. Bxb7 Nxb7 21. Bd4 a5
22. Ndf3 Nc5 23. f5 a4 24. fxe6 Nxe6 25. Ba1 b3 26. Ne5 Qc7 27. Nf5 a3 28. Bc3
b2 29. Nc6 Bf8 30. Nxd8 Rxd8 31. Qf3 Ne8 32. Qg4 g6 33. Nd4 Nxd4 34. exd4 Rb8
35. Rde1 Bg7 36. Rb1 f5 37. Qf3 Nf6 38. Rfe1 Rb3 39. Qa8+ Kf7 40. Bd2 Rxd3 41.
Bb4 Ne4 42. Qd5+ Kf6 43. Rxe4 a2 44. Rf1 b1=Q 45. Ree1 Qxb4 46. g4 Rg3+ 47. Kh1
Rxg4 48. Re5 Qbb7 49. Re6+ Kg5 0-1

[Event "Politiken Cup 2011"]
[Site "Helsingor"]
[Date "2011.08.05"]
[Round "8.22"]
[White "Rehn, Ralf"]
[Black "Svane, Rasmus"]
[Result "0-1"]
[WhiteElo "2237"]
[BlackElo "2346"]
[PlyCount "76"]
[EventDate "2011.??.??"]
[WhiteTeam "HaSS"]
[BlackTeam "Lübecker Schachverein von 1873"]

1. d4 d5 2. c4 e6 3. Nf3 Nf6 4. Nc3 Be7 5. Bg5 h6 6. Bxf6 Bxf6 7. e3 c6 8. Qd2
O-O 9. Be2 Nd7 10. e4 dxc4 11. Bxc4 c5 12. dxc5 Nxc5 13. e5 Be7 14. Qe2 a6 15.
a3 b5 16. Ba2 Bb7 17. Rd1 Qc7 18. O-O Bxf3 19. Qxf3 Qxe5 20. b4 Na4 21. Nxa4
bxa4 22. Rd7 Bf6 23. Bb1 a5 24. Rb7 Rab8 25. bxa5 Qxa5 26. Bc2 Rxb7 27. Qxb7
Rd8 28. Qe4 g6 29. Rb1 Rd2 30. Bd3 Qc5 31. Qf3 Rxf2 32. Qa8+ Kg7 33. Kh1 Qxa3
34. Bxg6 Kxg6 35. Qe4+ Kg7 36. Qg4+ Bg5 37. Qd4+ Rf6 38. h4 Qe3 0-1

[Event "Politiken Cup 2011"]
[Site "Helsingor"]
[Date "2011.08.05"]
[Round "8.27"]
[White "Giffard, Nicolas"]
[Black "Schroeder, Jan-Christian"]
[Result "0-1"]
[WhiteElo "2342"]
[BlackElo "2164"]
[PlyCount "80"]
[EventDate "2011.??.??"]
[WhiteTeam "Drancy"]
[BlackTeam "SV 1920 Hofheim"]

1. d4 d5 2. Nc3 Nf6 3. Bg5 Bf5 4. Bxf6 exf6 5. e3 c6 6. Bd3 Bg6 7. Nge2 Bd6 8.
O-O Qb6 9. Rb1 Na6 10. a3 Nc7 11. Na4 Qa5 12. b4 Qxa4 13. Nc3 Qxa3 14. Rb3 Bxd3
15. Rxa3 Bxf1 16. Kxf1 Bxb4 17. Rb3 Bxc3 18. Rxc3 Nb5 19. Rb3 a5 20. e4 a4 21.
Re3 O-O 22. exd5 cxd5 23. Qd3 Nd6 24. Re1 Rfc8 25. Ra1 g6 26. Qa3 Ra6 27. Qb2
Kg7 28. g3 Rc4 29. Ra2 Ra5 30. Qb6 Ra6 31. Qb2 Rac6 32. Ke1 b6 33. Qa1 Ne4 34.
Qb2 Nc3 35. Ra3 b5 36. Rxc3 Rxc3 37. Qxb5 a3 38. Qa5 R6c4 39. Kf1 Rxc2 40. Qxa3
Rxd4 0-1

[Event "Politiken Cup 2011"]
[Site "Helsingor"]
[Date "2011.08.05"]
[Round "8.28"]
[White "Korley, Kassa"]
[Black "Tuhrim, Richard"]
[Result "1-0"]
[WhiteElo "2326"]
[BlackElo "2163"]
[PlyCount "143"]
[EventDate "2011.??.??"]
[WhiteTeam "Marshall"]
[BlackTeam "Marshall"]

1. e4 e6 2. d4 d5 3. Nc3 Bb4 4. e5 Ne7 5. a3 Bxc3+ 6. bxc3 c5 7. Qg4 Qc7 8.
Qxg7 Rg8 9. Qxh7 cxd4 10. Ne2 Nbc6 11. f4 dxc3 12. Qd3 d4 13. Nxd4 Nxd4 14.
Qxd4 Bd7 15. Be3 Nd5 16. g3 Bc6 17. Rg1 O-O-O 18. Qxa7 Nxe3 19. Qxe3 Qa5 20.
Bd3 Rd5 21. Kf2 Rgd8 22. Rab1 Qxa3 23. Rgd1 Qa2 24. Ra1 Qb2 25. Ra8+ Kc7 26.
Rxd8 Rxd8 27. h4 Rd5 28. Ke1 Ba4 29. Qe4 Bc6 30. Qe3 Ba4 31. Qf2 Kb8 32. h5 Bb5
33. Qe2 Bxd3 34. Rxd3 Rxd3 35. Qxd3 Qc1+ 36. Ke2 Qh1 37. Qxc3 Qxh5+ 38. Kd2 Qh1
39. Qd3 Qg2+ 40. Kc1 Qg1+ 41. Kb2 Qb6+ 42. Qb3 Qd4+ 43. Ka3 Qc5+ 44. Ka4 Qc6+
45. Kb4 Qb6+ 46. Kc4 Qa6+ 47. Kd4 Qa7+ 48. Ke4 Qf2 49. Qd3 Qg2+ 50. Kd4 Qd5+
51. Kc3 Qc5+ 52. Kb3 Qb6+ 53. Ka4 Qc6+ 54. Kb4 Qb6+ 55. Qb5 Qd8 56. c3 Qf8+ 57.
Qc5 Qg8 58. Qd6+ Ka7 59. Ka5 Qc8 60. Qd4+ Ka8 61. Kb4 Qg8 62. Ka5 Qc8 63. g4
Qc7+ 64. Kb4 Qe7+ 65. Qd6 Qh4 66. Ka5 Qf2 67. Qd8+ Ka7 68. Qd4+ b6+ 69. Kb5
Qe2+ 70. c4 Qxg4 71. Qxb6+ Ka8 72. Ka6 1-0

[Event "Politiken Cup 2011"]
[Site "Helsingor"]
[Date "2011.08.05"]
[Round "8.29"]
[White "Larsen, Karsten"]
[Black "Petersen, Peter Birk"]
[Result "1/2-1/2"]
[WhiteElo "2323"]
[BlackElo "2156"]
[PlyCount "86"]
[EventDate "2011.??.??"]
[WhiteTeam "K41"]
[BlackTeam "Taastrup"]

1. e4 c5 2. Nf3 Nc6 3. Bb5 g6 4. O-O Bg7 5. Bxc6 bxc6 6. Re1 Nh6 7. c3 O-O 8.
d4 cxd4 9. cxd4 d6 10. h3 f6 11. Nc3 Nf7 12. b3 Bd7 13. Bb2 Qa5 14. Rc1 Rad8
15. Rc2 Rfe8 16. Rd2 Bc8 17. Qc2 f5 18. e5 dxe5 19. dxe5 Rxd2 20. Qxd2 Rd8 21.
Qf4 Be6 22. b4 Qa6 23. a4 Qc4 24. Qxc4 Bxc4 25. b5 cxb5 26. Nxb5 Bxb5 27. axb5
Rd5 28. Bd4 Rxb5 29. e6 Nd6 30. Bxa7 Bf6 31. h4 h6 32. Be3 Kg7 33. Rc1 Rb7 34.
g3 Rb4 35. Rc7 Re4 36. Bf4 Rxe6 37. Kg2 Ne4 38. Be3 g5 39. hxg5 hxg5 40. Ra7
Kg6 41. Ra5 g4 42. Ng1 Rc6 43. Ne2 e5 1/2-1/2

[Event "Politiken Cup 2011"]
[Site "Helsingor"]
[Date "2011.08.05"]
[Round "8.30"]
[White "Hobber, Anders"]
[Black "Rewitz, Poul"]
[Result "1/2-1/2"]
[WhiteElo "2179"]
[BlackElo "2309"]
[PlyCount "158"]
[EventDate "2011.??.??"]
[WhiteTeam "Porsgrunn"]
[BlackTeam "Århus/skolerne"]

1. d4 Nf6 2. Nf3 e6 3. c3 b6 4. Bg5 Bb7 5. Nbd2 Be7 6. e3 d6 7. Bd3 Nbd7 8. Qe2
O-O 9. O-O Re8 10. Ba6 Bxa6 11. Qxa6 Qc8 12. Qe2 h6 13. Bxf6 Bxf6 14. e4 g6 15.
Rfd1 Bg7 16. Rac1 a5 17. a4 Qb7 18. Qd3 d5 19. exd5 Qxd5 20. Nc4 Rad8 21. Ne3
Qb3 22. Qc4 Qxc4 23. Nxc4 f6 24. Nfd2 g5 25. b4 axb4 26. cxb4 Nb8 27. Nb3 Na6
28. b5 Nb4 29. Ne3 Rd7 30. Rc4 Nd5 31. Nxd5 exd5 32. Rc2 Ra8 33. Ra1 f5 34. Re2
Kf7 35. f3 h5 36. Kf2 h4 37. Ke3 Re7+ 38. Kd3 Rxe2 39. Kxe2 Bf8 40. Kf2 Bd6 41.
g3 Rh8 42. Kg2 h3+ 43. Kf2 Re8 44. Nc1 Bb4 45. Ne2 Bd2 46. Ra3 f4 47. g4 Re6
48. Rd3 Be3+ 49. Kf1 Ke7 50. Nc3 Kd6 51. Rd1 Re8 52. Rd3 Ra8 53. Rd1 c6 54.
bxc6 Kxc6 55. Ke2 Re8 56. Kf1 Rc8 57. Ke2 Kd6 58. Kd3 Rc4 59. Nb5+ Kc6 60. Ra1
Rb4 61. Kc3 Rc4+ 62. Kd3 Kd7 63. Ra2 Rc1 64. Nc3 Kc6 65. a5 bxa5 66. Rxa5 Rh1
67. Ra6+ Kb7 68. Ra2 Rf1 69. Nxd5 Rxf3 70. Ke4 Rf1 71. Nxe3 fxe3 72. Kxe3 Rf4
73. Rf2 Rxg4 74. Kf3 Rxd4 75. Kg3 g4 76. Rf4 Rxf4 77. Kxf4 Kc6 78. Kxg4 Kd6 79.
Kxh3 Ke6 1/2-1/2

[Event "Politiken Cup 2011"]
[Site "Helsingor"]
[Date "2011.08.05"]
[Round "8.35"]
[White "Veng, Johnny"]
[Black "Lercel, Michal"]
[Result "0-1"]
[WhiteElo "2309"]
[BlackElo "2141"]
[PlyCount "64"]
[EventDate "2011.??.??"]
[WhiteTeam "Nordre"]
[BlackTeam "Oksir Wiznia Mala"]

1. d4 Nf6 2. Nf3 e6 3. c4 b6 4. a3 Bb7 5. Nc3 d5 6. cxd5 Nxd5 7. Qc2 Be7 8. e4
Nxc3 9. bxc3 O-O 10. Bd3 c5 11. O-O Qc8 12. Qe2 Ba6 13. Rd1 Bxd3 14. Qxd3 Nd7
15. e5 Rd8 16. Qe4 cxd4 17. cxd4 Nc5 18. Qg4 Nb3 19. Bh6 Bf8 20. Rab1 Qc2 21.
h4 Rac8 22. h5 Rc4 23. Ne1 Qc3 24. Rxb3 Qxb3 25. Rd3 Qb1 26. Bxg7 Qxe1+ 27. Kh2
Bxg7 28. Qg5 Rcxd4 29. Re3 Qxf2 30. Rg3 Kf8 31. Qxg7+ Ke8 32. Qg5 Qf4 0-1